[Event "Pasto Narino Cup"]
[Site "Pasto"]
[Date "2022.07.23"]
[Round "3"]
[White "Burbano Ordonez, Juan Daniel"]
[Black "Ledezma Arcos, Hugo Daniel"]
[Result "1-0"]
[WhiteElo "1600"]
[BlackElo "1551"]
[PlyCount "61"]
[EventDate "2022.07.23"]
[EventType "swiss"]
[EventRounds "6"]
[EventCountry "COL"]
[SourceTitle "CBM 209 Extra"]
[Source "ChessBase"]
[SourceDate "2022.09.30"]
[SourceVersion "1"]
[SourceVersionDate "2022.09.30"]
[SourceQuality "1"]

1. e4 e5 2. Nf3 Nc6 3. Bc4 Nf6 4. d3 Bc5 5. c3 d6 6. 0-0 Bg4 7. Nbd2 Qd7 8. a3 a6 9. b4 Ba7 10. Re1 b5 11. Ba2 Ne7 12. Qc2 Ng6 13. Bb2 0-0 14. d4 Rfe8 15. Rad1 Nh4 16. Re3 Bxf3 17. Nxf3 Ng4 18. Red3 Ng6 19. h3 Nf4 20. Ng5 Re7 21. Rg3 Nh6 22. dxe5 Nh5 23. Rf3 Rf8 24. Qb3 Rxe5 25. Nxf7 Re6 26. Nxh6+ gxh6 27. Qxe6+ Qxe6 28. Bxe6+ Kg7 29. c4+ Nf6 30. Rg3+ Kh8 31. Bxf6+ 1-0